| 000 | 01109nam a22002657a 4500 | ||
|---|---|---|---|
| 001 | BD-DhSAU 9278 | ||
| 003 | BD-DhSAU | ||
| 005 | 20230206111911.0 | ||
| 008 | 150613b2018 bg a|||| m||| 00| 0 eng d | ||
| 040 | _aBD-DhSAU | ||
| 082 |
_222 _a634.9 _bSh358 |
||
| 100 |
_aSHEEL, UTPAL KUMAR _eRegistration No. # 18-09123 |
||
| 245 |
_aStatus of sedimnetation and their properties on the
agricultural land / _bMS thesis |
||
| 260 |
_aSher-e-Bangla Agricultural University : _bDepartment of Agroforestry And Environmental Science, _c2020 |
||
| 300 |
_ax, 72p. : _bill. ; _c30 cm. |
||
| 500 | _aMS thesis of Department of Agroforestry And Environmental Science, Faculty of Agriculture , Sher-e-Bangla Agricultural University, Dhaka, Bangladesh | ||
| 504 | _aIncludes bibliographical reference. | ||
| 590 | _aNazmul | ||
| 650 | _asedimnetation | ||
| 650 | _aagricultural land | ||
| 700 |
_aProf. Dr. Ferzana Islam _eSuperviser |
||
| 700 |
_aProf Dr. Md. Forhad Hossain _eCo-superviser |
||
| 856 | _uhttp://archive.saulibrary.edu.bd:8080/xmlui/handle/123456789/4774 | ||
| 942 |
_2ddc _cTHESIS |
||
| 999 |
_c16576 _d16575 |
||